| 000 | 00457nam a2200181Ia 4500 | ||
|---|---|---|---|
| 001 | 56213 | ||
| 008 | 140506s9999 xx 000 0 und d | ||
| 020 | _a9788857208527 | ||
| 040 | _cPK-LaUMT | ||
| 082 |
_a 712 _bBER-L |
||
| 100 | _aBertagna, Alberto | ||
| 245 | 4 |
_aThe Landscape of waste _cBertagna, Alberto<>Marini, Sara |
|
| 260 |
_aMilano,Italy: _bSkira Editore, _c2011 |
||
| 300 | _a127 p. | ||
| 546 | _aEN | ||
| 700 | _aMarini, Sara | ||
| 942 | _cBK | ||
| 999 |
_c53526 _d53526 |
||